000 00324 a2200133 4500
000 nam a22 7a 4500
100 _a Rajesh Kumar Yadav
110 _a Rajesh Kumar Yadav
245 _aEnvironmental Impact Assessment
250 _alatest edition
260 _b Oxford
_c2026
264 _b Oxford
_c2026
942 _cBK
999 _c395758
_d395758